Passport to IELTS /

Đã lưu trong:
Sonraí Bibleagrafaíochta
Príomhúdar: Hopkins, Diana.
Údair Eile: Lê Huy Lâm (dịch và chú giải.), Nettle, Mark.
Formáid: Leabhar
Teanga:English
Foilsithe: Tp.HCM : Nxb Tp.HCM, 2000.
Sraith:Tài liệu luyện thi chứng chỉ IELTS.
Ábhair:
Clibeanna: Cuir Clib Leis
Gan Chlibeanna, Bí ar an gcéad duine leis an taifead seo a chlibeáil!
Thư viện lưu trữ: Mạng thư viện Đại học Đà Nẵng
LEADER 01304nam a2200373 a 4500
001 000041636
003 18702
005 20190731153109.0
008 171030s2000
020 |c 26000 
040 |a lnn  |c lnn  |d lnn 
041 1 |a eng 
082 1 4 |a 428.0076  |b HO-D 
100 1 |a Hopkins, Diana. 
245 1 0 |a Passport to IELTS /  |c Diana Hopkins, Mark Nettle ; dịch và chú giải: Lê Huy Lâm. 
260 |a Tp.HCM :  |b Nxb Tp.HCM,  |c 2000. 
300 |a 196 p. ;  |c 20,5 cm. 
440 0 |a Tài liệu luyện thi chứng chỉ IELTS. 
630 0 4 |a English language. 
630 0 4 |a IELTS. 
650 0 4 |a English language  |x Study and teaching  |x Textbooks for foreign speakers. 
650 0 4 |a English language  |x Examinations. 
650 0 4 |a English language  |x Tests. 
700 1 |a Lê Huy Lâm,  |e dịch và chú giải. 
700 1 |a Nettle, Mark. 
OWN |a LNN 
AVA |a UDN50  |b LNN  |c English  |d 428.01 HO-D  |e available  |t Error 5001 Not defined in file expand_doc_bib_avail.  |f 1  |g 0  |h N  |i 0  |j AN  |k 1 
999 |a From the UDN01 
AVA |a UDN50  |b LNN  |c English  |d 428.01 HO-D  |e available  |t Error 5001 Not defined in file expand_doc_bib_avail.  |f 1  |g 0  |h N  |i 0  |j AN  |k 1 
TYP |a Monograph 
TYP |a Printed language 
980 |a Mạng thư viện Đại học Đà Nẵng